Familia y trabajo social: un enfoque clínico e interdisciplinario de la intervención profesional

Saved in:
Bibliografiske detaljer
Main Authors: Eroles, Carlos (Author), Blanco, Laura (Author), Bruno, María Luz (Author), Fazzio, Adriana (Author), Franco, Mariel (Author)
Format: Bog
Sprog:spansk
Udgivet: Buenos Aires Espacio 2001
Udgivelse:2a. ed
Serier:Colección Ciencias Sociales
Fag:
Tags: Tilføj Tag
Ingen Tags, Vær først til at tagge denne postø!

MARC

LEADER 00000nam a2200000 a 4500
001 UCM4684
003 CL-VaPUC
008 020830e20010000AG |||||||||||||||||spa|d
082 0 4 |a 362.82  |b ERO  |2 21 
100 0 |a Eroles, Carlos  |e author  |9 471083 
700 0 |a Blanco, Laura  |e author  |9 471084 
700 0 |a Bruno, María Luz  |e author  |9 471085 
700 0 |a Fazzio, Adriana  |e author  |9 471086 
700 0 |a Franco, Mariel  |e author  |9 471087 
245 1 0 |a Familia y trabajo social: un enfoque clínico e interdisciplinario de la intervención profesional 
250 |a 2a. ed 
300 |a 288 p 
942 |c BK 
945 |d 20020830 00:00:00  |a vberengu 
260 |a Buenos Aires  |b Espacio  |c 2001 
650 0 |a Trabajo social   |9 307856 
650 0 |a Familias   |9 255641 
650 0 |a Derechos humanos  |9 223025 
650 0 |a Política social  |9 257588 
650 7 |a RELACIONES FAMILIARES  |2 CL-VaPUC  |9 333100 
650 7 |a TRABAJO SOCIAL FAMILIAR  |2 CL-VaPUC  |9 422718 
583 |a last modification  |c 20020830 00:00:00  |k Rodrigo Vera 
490 0 |a Colección Ciencias Sociales 
999 |c 301205  |d 301203 
952 |0 0  |1 0  |2 ddc  |4 0  |6 362_820000000000000_ERO_2001  |7 0  |8 A  |9 359971  |a BIBGIM  |b BIBGIM  |c RES  |d 2019-11-21  |i 3838862  |o 362.82 ERO 2001  |p 3838862  |r 2025-01-15  |w 2019-11-21  |y BK_R  |k SSL